000 00990 a2200265 4500
001 39289
005 20260407155651.0
008 260407a2011 arg spa d
003 AR-UNSa-BCEJYS
040 _aAR-UNSa-BCEJYS
_bspa
_cAR-UNSa-BCEJYS
080 _a330(82)
_xEconomia Argentina
245 1 0 _aClaves del retraso y del progreso de la Argentina
020 _a978-987-1826-06-3
264 1 _aBuenos Aires :
_bTemas Grupo Editorial
_c2011
300 _a287 p.
_c22 cm.
505 _a1. Cuándo, cuánto y respecto de quiénes se retrasó la Argentina - 2. Por qué se retrasó la Argentina; las hipótesis en pugna - 3. Una mirada al futuro aprendiento del pasado
041 _aspa
942 _cBK
590 _aniveau_biblio:m niveau_hierar:0
100 1 _aLlach, Juan José
700 1 _aLagos, Martín
700 1 _aFracchia, Eduardo
700 1 _aMarull, Fernando
856 4 1 _uhttps://biblioeco.unsa.edu.ar/pmb/images/libros/L125705.jpg
_yImagen de portada
_qimage/jpeg
999 _c3001
_d3001